000
00233nam a22000977a 4500
999
_c
533430
_d
533430
082
_a
891.4393
_b
MAN
100
_a
Manto. Sadat Hassan.
245
_a
Burkay /
942
_2
ddc
_c
BK